<?xml version="1.0" encoding="UTF-8"?><?xml-stylesheet type="text/xsl" href="static/style.xsl"?><OAI-PMH xmlns="http://www.openarchives.org/OAI/2.0/" xmlns:xsi="http://www.w3.org/2001/XMLSchema-instance" xsi:schemaLocation="http://www.openarchives.org/OAI/2.0/ http://www.openarchives.org/OAI/2.0/OAI-PMH.xsd"><responseDate>2026-04-17T01:39:13Z</responseDate><request verb="GetRecord" identifier="oai:www.recercat.cat:2072/449210" metadataPrefix="marc">https://recercat.cat/oai/request</request><GetRecord><record><header><identifier>oai:recercat.cat:2072/449210</identifier><datestamp>2024-11-22T21:20:15Z</datestamp><setSpec>com_2072_98</setSpec><setSpec>col_2072_378194</setSpec></header><metadata><record xmlns="http://www.loc.gov/MARC21/slim" xmlns:dcterms="http://purl.org/dc/terms/" xmlns:xsi="http://www.w3.org/2001/XMLSchema-instance" xmlns:doc="http://www.lyncode.com/xoai" xsi:schemaLocation="http://www.loc.gov/MARC21/slim http://www.loc.gov/standards/marcxml/schema/MARC21slim.xsd">
   <leader>00925njm 22002777a 4500</leader>
   <datafield ind2=" " ind1=" " tag="042">
      <subfield code="a">dc</subfield>
   </datafield>
   <datafield ind2=" " ind1=" " tag="720">
      <subfield code="a">Friege, Jonas</subfield>
      <subfield code="e">author</subfield>
   </datafield>
   <datafield ind2=" " ind1=" " tag="720">
      <subfield code="a">Chappin, Émile J. L.</subfield>
      <subfield code="e">author</subfield>
   </datafield>
   <datafield ind2=" " ind1=" " tag="260">
      <subfield code="c">2014</subfield>
   </datafield>
   <datafield ind2=" " ind1=" " tag="520">
      <subfield code="a">To meet climate protection targets it is suggested to increase the number of energy-efficient renovations. Homeowners are the main decision makers regarding renovations in their houses. It is hypothesized that socio-spatial structures affect the decision to renovate. Since it is crucial to consider all important aspects influencing the decision making of homeowners when designing policies to trigger higher energyefficient renovation activity, we developed an agent-based model to examine the influence of socio-spatial structures on these decisions. The simulation results suggest that socio-spatial structures have a considerable effect on the type of renovation measures carried out. The distribution of socio-technical attributes, population density, social network properties, and residential segregation, affects the homeowners' decision to renovate. Additional research is needed to validate the model and make it applicable to evaluate policy instruments designed to promote the diffusion of energy-efficient renovations.</subfield>
   </datafield>
   <datafield tag="653" ind2=" " ind1=" ">
      <subfield code="a">Energy efficient renovation</subfield>
   </datafield>
   <datafield tag="653" ind2=" " ind1=" ">
      <subfield code="a">Computational social science</subfield>
   </datafield>
   <datafield tag="653" ind2=" " ind1=" ">
      <subfield code="a">Social simulation</subfield>
   </datafield>
   <datafield ind2="0" ind1="0" tag="245">
      <subfield code="a">Simulating the influence of socio-spatial structures on energy-efficient renovations</subfield>
   </datafield>
</record></metadata></record></GetRecord></OAI-PMH>